[Event "XXVIII Memorial Edoardo Crespi B"]
[Site "Milano ITA"]
[Date "2007.12.07"]
[Round "3"]
[White "Cervesato, Ivan"]
[Black "Squarci, Franco"]
[Result "1-0"]
[WhiteElo "1667"]
[BlackElo "1831"]
[PlyCount "90"]
[EventDate "2007.12.06"]

1. c4 Nf6 2. Nc3 e5 3. Nf3 e4 4. Ng5 Qe7 5. d3 exd3 6. Qxd3 c6 7. g3 Na6 8. Bg2
Nb4 9. Qd2 Qd6 10. O-O Qxd2 11. Bxd2 Nc2 12. Rac1 Nd4 13. Nf3 Ne6 14. e4 Be7
15. Nh4 g6 16. a3 O-O 17. b4 Kg7 18. h3 d6 19. Nf3 h6 20. Rfd1 Nd7 21. Be3 g5
22. Nd4 Nxd4 23. Bxd4+ Kg6 24. Rf1 Ne5 25. Ne2 Be6 26. f4 Bxc4 27. fxe5 Bxe2
28. Rf2 Bb5 29. exd6 Bd8 30. e5 h5 31. Bf1 Bb6 32. Bxb6 axb6 33. Bxb5 cxb5 34.
Rc3 Rac8 35. Rcf3 Rc4 36. Rf6+ Kg7 37. e6 Rc2 38. e7 Re8 39. Rxf7+ Kg8 40. Rf8+
Kg7 41. Rxe8 Rc3 42. d7 Rxg3+ 43. Kh2 h4 44. d8=Q g4 45. Rg8+ Kh7 1-0

[Event "XXVIII Memorial Edoardo Crespi B"]
[Site "Milano ITA"]
[Date "2007.12.07"]
[Round "3"]
[White "Cetta, Andrea"]
[Black "Brighenti, Alessandro"]
[Result "1-0"]
[WhiteElo "1727"]
[BlackElo "1614"]
[PlyCount "71"]
[EventDate "2007.12.06"]

1. d4 Nf6 2. c4 g6 3. Nc3 d5 4. cxd5 Nxd5 5. e4 Nxc3 6. bxc3 Bg7 7. Nf3 c5 8.
Rb1 O-O 9. Be2 b6 10. O-O Bb7 11. Qd3 Nd7 12. d5 f5 13. c4 fxe4 14. Qxe4 Nf6
15. Qe6+ Kh8 16. Ng5 Qe8 17. Bd3 Bc8 18. Qe3 Ng4 19. Qh3 h5 20. Qg3 Ne5 21. Bb2
Nxd3 22. Bxg7+ Kxg7 23. Qxd3 Bf5 24. Qc3+ Kg8 25. Rbe1 Rf6 26. Re3 Qf8 27. Rfe1
Re8 28. Ne6 Bxe6 29. Rxe6 Kh7 30. f3 Rxe6 31. Rxe6 Qf5 32. Qe1 Qf7 33. d6 Kg8
34. d7 Rf8 35. Rxe7 Qxc4 36. Qd2 1-0

[Event "XXVIII Memorial Edoardo Crespi B"]
[Site "Milano ITA"]
[Date "2007.12.07"]
[Round "3"]
[White "Colombo, Luca"]
[Black "Silari, Andrea"]
[Result "0-1"]
[WhiteElo "1791"]
[BlackElo "1721"]
[PlyCount "78"]
[EventDate "2007.12.06"]

1. e4 c5 2. Nf3 Nc6 3. d4 cxd4 4. Nxd4 Nf6 5. Nc3 d6 6. f3 a6 7. Be3 e5 8. Nb3
b5 9. Qd2 Be7 10. Nd5 Nxd5 11. Qxd5 Qc7 12. Qd2 O-O 13. Be2 Kh8 14. O-O f5 15.
exf5 Bxf5 16. Rac1 d5 17. c3 Rad8 18. Bg5 Bxg5 19. Qxg5 Rd6 20. Rfd1 Qb6+ 21.
Kh1 Rg6 22. Qd2 e4 23. Qxd5 Qf2 24. Bf1 e3 25. Qc5 Kg8 26. Rd2 exd2 27. Qxf2
dxc1=Q 28. Nxc1 Rd8 29. Qe3 Re6 30. Qf4 Rd1 31. h3 Rxf1+ 32. Kh2 Ne7 33. Qb8+
Kf7 34. Nb3 h5 35. Nd4 Ree1 36. Nxf5 Nxf5 37. Qc7+ Kg6 38. Qc6+ Kh7 39. g4 Re2#
0-1

[Event "XXVIII Memorial Edoardo Crespi B"]
[Site "Milano ITA"]
[Date "2007.12.07"]
[Round "3"]
[White "Crippa, Oscar"]
[Black "Cartella, Giovanni"]
[Result "1/2-1/2"]
[WhiteElo "1727"]
[BlackElo "1868"]
[PlyCount "49"]
[EventDate "2007.12.06"]

1. e4 c5 2. d4 cxd4 3. c3 dxc3 4. Nxc3 Nc6 5. Nf3 d6 6. Bc4 e6 7. Qe2 Nf6 8.
O-O Be7 9. Rd1 e5 10. h3 O-O 11. Bg5 a6 12. Bxf6 Bxf6 13. Qd2 Nd4 14. Nxd4 exd4
15. Nd5 Be6 16. Nxf6+ Qxf6 17. Qxd4 Bxc4 18. Qxc4 Rac8 19. Qb4 Rc2 20. Rd2 Rfc8
21. Rad1 h6 22. Qxb7 R8c7 23. Qb3 Rxd2 24. Rxd2 Rc1+ 25. Rd1 1/2-1/2

[Event "XXVIII Memorial Edoardo Crespi B"]
[Site "Milano ITA"]
[Date "2007.12.07"]
[Round "3"]
[White "Di Chiara, Mauro"]
[Black "Fizzotti, Mario"]
[Result "0-1"]
[WhiteElo "1747"]
[BlackElo "1843"]
[PlyCount "60"]
[EventDate "2007.12.06"]

1. d4 Nf6 2. g3 e6 3. Bg2 d5 4. Nf3 c5 5. c4 Qa5+ 6. Nc3 cxd4 7. Nxd4 Bb4 8.
Bd2 Qb6 9. Ncb5 Bc5 10. Bf4 Na6 11. O-O O-O 12. a4 Nh5 13. a5 Qd8 14. Bd2 dxc4
15. e3 Nf6 16. Qc2 e5 17. Ne2 Qd3 18. Qxd3 cxd3 19. Nec3 Nb4 20. Nc7 Rb8 21.
N7d5 Nfxd5 22. Nxd5 Nxd5 23. Bxd5 Rd8 24. e4 Bg4 25. Be3 Bxe3 26. fxe3 Rd7 27.
Bb3 Rc8 28. Rfc1 Rdc7 29. Rxc7 Rxc7 30. Bd1 d2 0-1

[Event "XXVIII Memorial Edoardo Crespi B"]
[Site "Milano ITA"]
[Date "2007.12.07"]
[Round "3"]
[White "Di Paola, Antonio"]
[Black "Giovannini, Roberto"]
[Result "1-0"]
[WhiteElo "1806"]
[BlackElo "2013"]
[PlyCount "43"]
[EventDate "2007.12.06"]

1. d4 d5 2. c4 e6 3. Nc3 Nf6 4. Bg5 Be7 5. e3 O-O 6. Nf3 Nbd7 7. Rc1 c6 8. Bd3
Qc7 9. O-O e5 10. cxd5 exd4 11. exd4 Qd6 12. dxc6 bxc6 13. Re1 Nd5 14. Nxd5
Bxg5 15. Nxg5 cxd5 16. Bxh7+ Kh8 17. Qh5 Nf6 18. Nxf7+ Rxf7 19. Qxf7 Kxh7 20.
Re7 Kh6 21. Qxg7+ Kh5 22. Re5+ 1-0

[Event "XXVIII Memorial Edoardo Crespi B"]
[Site "Milano ITA"]
[Date "2007.12.07"]
[Round "3"]
[White "Dogic, Mirhad"]
[Black "Weiss, Nicolo'"]
[Result "0-1"]
[WhiteElo "1759"]
[BlackElo "1536"]
[PlyCount "96"]
[EventDate "2007.12.06"]

1. e4 c6 2. d4 d5 3. e5 Bf5 4. Nf3 e6 5. Be2 Nd7 6. O-O c5 7. c3 Ne7 8. Bb5 Nc6
9. Bg5 Be7 10. Bxe7 Qxe7 11. Qa4 O-O 12. Nbd2 Rfc8 13. Be2 Nb6 14. Qa3 c4 15.
Qxe7 Nxe7 16. Nh4 Na4 17. Nxf5 Nxf5 18. Rab1 Rc6 19. Rfc1 a6 20. b3 cxb3 21.
Rxb3 Nxd4 22. cxd4 Rxc1+ 23. Bf1 b5 24. g3 Rc2 25. Rd3 Rxa2 26. g4 g6 27. h4
Rc8 28. Nf3 Rcc2 29. h5 Rxf2 30. hxg6 hxg6 31. Ng5 Rf4 32. Bh3 Nb2 33. Rc3 Nc4
34. Nf3 a5 35. Nh2 Rxd4 36. g5 Ra1+ 37. Bf1 Rf4 38. Nf3 b4 39. Rb3 Rg4+ 40. Kf2
Ra2+ 41. Be2 Re4 42. Ng1 Rxe5 43. Rf3 Nd2 44. Ke1 Ne4 45. Rd3 Nc3 46. Rd2 b3
47. Nf3 Rxe2+ 48. Rxe2 Rxe2+ 0-1

[Event "XXVIII Memorial Edoardo Crespi B"]
[Site "Milano ITA"]
[Date "2007.12.07"]
[Round "3"]
[White "Donadi, Luca"]
[Black "Fiorelli, Paolo"]
[Result "1/2-1/2"]
[WhiteElo "1754"]
[BlackElo "1500"]
[PlyCount "71"]
[EventDate "2007.12.06"]

1. e4 c5 2. Nf3 d6 3. d4 cxd4 4. Nxd4 Nf6 5. Nc3 g6 6. Be2 Bg7 7. Be3 O-O 8.
O-O Nc6 9. f4 Bd7 10. h3 a6 11. Qd2 b5 12. Bf3 Rc8 13. Nb3 b4 14. Ne2 a5 15.
Nbd4 Nxd4 16. Bxd4 Bc6 17. Qe3 Qd7 18. c3 bxc3 19. Bxc3 a4 20. Nd4 Bb7 21. Rac1
Bh6 22. Ne2 Qe6 23. Bxf6 exf6 24. b3 f5 25. e5 Bxf3 26. Rxf3 dxe5 27. Rxc8 Rxc8
28. Qxe5 Qxe5 29. fxe5 axb3 30. axb3 Bg7 31. Re3 Re8 32. Rc3 Rxe5 33. Rc8+ Bf8
34. Nd4 Re1+ 35. Kf2 Rb1 36. Rb8 1/2-1/2

[Event "XXVIII Memorial Edoardo Crespi B"]
[Site "Milano ITA"]
[Date "2007.12.07"]
[Round "3"]
[White "Fantina, Carla"]
[Black "Cino, Marco"]
[Result "0-1"]
[WhiteElo "1839"]
[BlackElo "1658"]
[PlyCount "104"]
[EventDate "2007.12.06"]

1. c4 c5 2. Nc3 Nc6 3. g3 g6 4. Bg2 Bg7 5. Nf3 Nf6 6. O-O O-O 7. e3 d6 8. d4
cxd4 9. exd4 Nb8 10. h3 h6 11. Be3 e6 12. Rc1 Kh7 13. Nh2 a6 14. Qd2 Qc7 15.
Ne2 Nbd7 16. Nf4 Ne8 17. Qd3 Ndf6 18. b3 Qd7 19. Nf3 Nc7 20. g4 Ng8 21. Nh5 Bh8
22. g5 Ne8 23. Ng3 Bg7 24. h4 Ne7 25. Nh5 Nf5 26. Nxg7 Nexg7 27. Bf4 h5 28. Qe4
Ra7 29. Be3 Ra8 30. d5 Nxe3 31. fxe3 e5 32. Nd2 Qe7 33. Rf6 Bf5 34. Qf3 Ne8 35.
e4 Bg4 36. Qf2 Nxf6 37. gxf6 Qd7 38. c5 dxc5 39. Rxc5 b5 40. Qg3 Qa7 41. b4 a5
42. a3 axb4 43. axb4 Qa1+ 44. Kh2 Qd4 45. Qc3 Qf2 46. Rc6 Ra2 47. Qg3 Qxd2 48.
d6 Qxb4 49. Qxe5 Bf3 50. Qe7 Rxg2+ 51. Kh3 Qe1 52. Qe5 Qh1+ 0-1

[Event "XXVIII Memorial Edoardo Crespi B"]
[Site "Milano ITA"]
[Date "2007.12.07"]
[Round "3"]
[White "Gandolfi, Gianfranco"]
[Black "Falsetti, Paolo"]
[Result "1-0"]
[WhiteElo "1856"]
[BlackElo "1551"]
[PlyCount "119"]
[EventDate "2007.12.06"]

1. e4 c6 2. d4 d5 3. exd5 cxd5 4. c4 Nf6 5. c5 g6 6. Nf3 Bg7 7. Bb5+ Bd7 8.
Bxd7+ Nbxd7 9. Qe2 O-O 10. O-O Rc8 11. Nc3 b6 12. b4 Ne4 13. Nxe4 dxe4 14. Qxe4
bxc5 15. bxc5 Nxc5 16. Qh4 Ne6 17. Be3 Rc7 18. Rac1 Rd7 19. Rfd1 Rd5 20. Qe4
Qd6 21. Re1 f5 22. Qb1 f4 23. Bd2 Nxd4 24. Nxd4 Rxd4 25. Bc3 Rb8 26. Qc2 Rc4
27. Qe2 Rxc3 28. Rxc3 Bxc3 29. Qc4+ e6 30. Qxc3 Qb4 31. Qe5 Re8 32. h3 Kf7 33.
Rc1 a5 34. Rc7+ Re7 35. Rc8 Qa4 36. Qh8 e5 37. Qxh7+ Ke6 38. Qxg6+ Kd7 39. Qf5+
Kd6 40. Rd8+ Rd7 41. Qxd7+ Qxd7 42. Rxd7+ Kxd7 43. Kf1 e4 44. Ke2 Ke6 45. g3
Kf5 46. gxf4 Kxf4 47. a4 Ke5 48. Ke3 Kf5 49. h4 Ke5 50. h5 Kf5 51. h6 Kg6 52.
Kxe4 Kxh6 53. Kd5 Kg6 54. Kc5 Kf6 55. Kb5 Ke6 56. Kxa5 Kd6 57. Kb5 Kc7 58. f4
Kd7 59. a5 Kc7 60. f5 1-0

[Event "XXVIII Memorial Edoardo Crespi B"]
[Site "Milano ITA"]
[Date "2007.12.07"]
[Round "3"]
[White "Gatta, Luca"]
[Black "Villalba, Fernando"]
[Result "1/2-1/2"]
[WhiteElo "1578"]
[BlackElo "1891"]
[PlyCount "93"]
[EventDate "2007.12.06"]

1. d4 d5 2. c3 Nf6 3. Bf4 c6 4. e3 e6 5. Bd3 Bd6 6. Bxd6 Qxd6 7. Nd2 O-O 8. e4
e5 9. dxe5 Qxe5 10. Ngf3 Qh5 11. O-O dxe4 12. Nxe4 Nxe4 13. Bxe4 Bg4 14. h3 Be6
15. Nd4 Qxd1 16. Rfxd1 Bc4 17. b3 Ba6 18. Nc2 g6 19. Rd6 Re8 20. Bf3 Kf8 21. c4
b5 22. cxb5 Bxb5 23. Nd4 Ba6 24. Nxc6 Nxc6 25. Bxc6 Red8 26. Rad1 Rxd6 27. Rxd6
Rc8 28. Bd5 Bb5 29. Rf6 Rc7 30. a4 Bd3 31. Rc6 Rxc6 32. Bxc6 Ke7 33. b4 Kd6 34.
b5 Kc5 35. g4 a6 36. Be8 axb5 37. axb5 f6 38. Kg2 Bxb5 39. Bxb5 Kxb5 40. Kf3
Kc5 41. Ke4 Kd6 42. f4 h6 43. f5 g5 44. Kd4 Kc6 45. Kc4 Kd6 46. Kb5 Kd5 47. Kb6
1/2-1/2

[Event "XXVIII Memorial Edoardo Crespi B"]
[Site "Milano ITA"]
[Date "2007.12.07"]
[Round "3"]
[White "Manca, Renato"]
[Black "Landais, Federico"]
[Result "1-0"]
[WhiteElo "1843"]
[BlackElo "1795"]
[PlyCount "120"]
[EventDate "2007.12.06"]

1. d4 Nf6 2. Nc3 d5 3. e4 dxe4 4. f3 e3 5. Bxe3 Bf5 6. Qd2 e6 7. g4 Bg6 8. h4
h6 9. h5 Bh7 10. g5 hxg5 11. Bxg5 Be7 12. h6 gxh6 13. Rxh6 Nd5 14. Bxe7 Qxe7
15. Ne4 Nd7 16. Qh2 N7f6 17. O-O-O Rg8 18. Bb5+ c6 19. Rxh7 cxb5 20. Nd6+ Qxd6
21. Qxd6 Nxh7 22. Re1 Rc8 23. Qxd5 a6 24. Rxe6+ Kf8 25. Qd6+ Kg7 26. Re1 Rc6
27. Qe5+ f6 28. Qe7+ Kh8 29. Ne2 Rg7 30. Qe8+ Rg8 31. Qh5 Rg5 32. Qh4 Rg2 33.
Rh1 Rg7 34. Nf4 Kg8 35. Re1 Rc8 36. Nd5 Rc4 37. Re8+ Nf8 38. Nxf6+ Kf7 39. Qh5+
Ng6 40. Qf5 Rc6 41. Nh5+ Kxe8 42. Nxg7+ Ke7 43. d5 Rf6 44. Qe4+ Kf7 45. Ne6 Ne7
46. Nd8+ Ke8 47. Nxb7 Kd7 48. d6 Nf5 49. Nc5+ Kxd6 50. Nxa6 Kd7 51. Qd3+ Ke7
52. Qxb5 Nd6 53. Qg5 Nf7 54. Qh4 Ne5 55. f4 Ng6 56. Qh7+ Ke6 57. Nc7+ Kf5 58.
a4 Kxf4 59. Nd5+ Ke5 60. Nxf6 Nf8 1-0

[Event "XXVIII Memorial Edoardo Crespi B"]
[Site "Milano ITA"]
[Date "2007.12.07"]
[Round "3"]
[White "Martelli, Tommaso"]
[Black "Gavioli, Fabrizio"]
[Result "1-0"]
[WhiteElo "1872"]
[BlackElo "1592"]
[PlyCount "33"]
[EventDate "2007.12.06"]

1. e4 d5 2. exd5 Nf6 3. Bc4 Nxd5 4. Nc3 Nxc3 5. Qf3 e6 6. dxc3 Nc6 7. Bf4 Bd6
8. O-O-O O-O 9. Nh3 Bxf4+ 10. Qxf4 Qe7 11. Ng5 h6 12. Nf3 b6 13. g4 e5 14. Qe4
Bb7 15. Bd5 Qc5 16. g5 hxg5 17. Nxg5 1-0

[Event "XXVIII Memorial Edoardo Crespi B"]
[Site "Milano ITA"]
[Date "2007.12.07"]
[Round "3"]
[White "Nepi, Ezio"]
[Black "Delledonne, Francesco"]
[Result "0-1"]
[WhiteElo "1851"]
[BlackElo "1837"]
[PlyCount "90"]
[EventDate "2007.12.06"]

1. d4 Nf6 2. c4 g6 3. Nc3 Bg7 4. e4 d6 5. Nge2 O-O 6. Ng3 e5 7. d5 a5 8. Be2
Na6 9. O-O h5 10. Bg5 Qe8 11. h3 Nh7 12. Be3 h4 13. Nh1 f5 14. exf5 gxf5 15. f4
e4 16. Bd4 Bxd4+ 17. Qxd4 Qg6 18. Kf2 Bd7 19. Rg1 Nf6 20. g3 Kh7 21. Qe3 Nh5
22. gxh4 Qh6 23. Rg5 Nf6 24. Qg3 Nc5 25. Rg1 Rg8 26. Ke3 Qf8 27. h5 c6 28. h6
Qxh6 29. Nf2 b5 30. dxc6 Bxc6 31. cxb5 Bb7 32. Rg2 Ne6 33. h4 d5 34. Nh3 d4+
35. Kd2 e3+ 36. Kc1 Bxg2 37. Rxg8 Rxg8 38. Ng5+ Nxg5 39. fxg5 Qg7 40. Qxg2 dxc3
41. Qf3 cxb2+ 42. Kb1 Ng4 43. Qxf5+ Qg6 44. Bd3 Ne5 45. Qxg6+ Rxg6 0-1

[Event "XXVIII Memorial Edoardo Crespi B"]
[Site "Milano ITA"]
[Date "2007.12.07"]
[Round "3"]
[White "Pietralunga, Vittorio"]
[Black "Melino, Gianluca"]
[Result "0-1"]
[WhiteElo "1625"]
[BlackElo "1819"]
[PlyCount "108"]
[EventDate "2007.12.06"]

1. e4 c5 2. Bc4 Nc6 3. Nf3 e6 4. Nc3 a6 5. d3 b5 6. Bb3 Qc7 7. a3 Be7 8. Ne2
Bb7 9. c4 b4 10. axb4 Nxb4 11. d4 Bxe4 12. Ng3 Nd3+ 13. Kf1 Nxc1 14. Rxc1 Bb7
15. Qd3 Qf4 16. Ne2 Qe4 17. Qd2 Nf6 18. Bc2 Qc6 19. Rd1 O-O 20. Qd3 g6 21. Rg1
d6 22. Qe3 Rad8 23. h3 Rfe8 24. Qh6 Bf8 25. Qh4 Bg7 26. dxc5 Qxc5 27. Ba4 Bc6
28. Bxc6 Qxc6 29. b3 Qb6 30. Nc1 d5 31. c5 Qxc5 32. g3 Ne4 33. Nd3 Qc2 34. Kg2
Qxb3 35. Ng5 Nxg5 36. Qxg5 Qc3 37. Rge1 Qf6 38. Qc1 Rc8 39. Qa3 Rc2 40. Qxa6
Qc3 41. Rc1 Qc8 42. Qa4 Rxc1 43. Rxc1 Qa8 44. Qd1 Rc8 45. Rb1 Qc6 46. Rc1 Qd7
47. Nc5 Qe8 48. Rc2 Bf8 49. Nd3 Rxc2 50. Qxc2 Bg7 51. Kf3 h6 52. g4 e5 53. Kg3
e4 54. Qe2 Qb8+ 0-1

[Event "XXVIII Memorial Edoardo Crespi B"]
[Site "Milano ITA"]
[Date "2007.12.07"]
[Round "3"]
[White "Pohossov, Eduard"]
[Black "Bisignano, Riccardo"]
[Result "0-1"]
[WhiteElo "1464"]
[BlackElo "1884"]
[PlyCount "118"]
[EventDate "2007.12.06"]

1. e4 e5 2. Nf3 Nf6 3. Be2 Nc6 4. Nc3 Bb4 5. Nd5 Nxe4 6. c3 Bc5 7. O-O Ne7 8.
d4 exd4 9. cxd4 Bb6 10. Nxe7 Qxe7 11. Bd3 d5 12. Qc2 O-O 13. Be3 c6 14. a3 Bc7
15. Rae1 h6 16. Ne5 f6 17. Ng6 Qd6 18. Bf4 Qd8 19. Bxc7 Qxc7 20. Nxf8 Kxf8 21.
f3 Ng5 22. Qc5+ Kf7 23. Qc2 Bd7 24. Bg6+ Kg8 25. Qe2 Ne6 26. f4 Nxf4 27. Qc2
Nxg6 28. Qxg6 Qd6 29. Re3 Rf8 30. Rfe1 Rf7 31. Rh3 Bxh3 32. gxh3 Re7 33. Rf1
Qe6 34. Qg3 Qe3+ 35. Qf2 Re4 36. Rd1 Qxh3 37. Kh1 Qe3 38. Qf5 Qf4 39. Qc8+ Kh7
40. Qh3 Re3 41. Qg2 Qf3 42. Qxf3 Rxf3 43. Kg2 Re3 44. Kf2 Re4 45. Rd2 g5 46.
Kf3 f5 47. h3 Kg6 48. Rd3 f4 49. b4 Kf5 50. a4 h5 51. h4 g4+ 52. Kf2 g3+ 53.
Kg2 Re2+ 54. Kf1 Rf2+ 55. Kg1 Kg4 56. b5 f3 57. Re3 Rc2 58. Kf1 g2+ 59. Kg1
Rc1+ 0-1

[Event "XXVIII Memorial Edoardo Crespi B"]
[Site "Milano ITA"]
[Date "2007.12.07"]
[Round "3"]
[White "Poletto, Daniele"]
[Black "Cervini, Gian Piero"]
[Result "1/2-1/2"]
[WhiteElo "1815"]
[BlackElo "1766"]
[PlyCount "33"]
[EventDate "2007.12.06"]

1. c4 Nf6 2. Nc3 g6 3. e4 d6 4. g3 Bg7 5. Bg2 c5 6. Nge2 Nc6 7. O-O O-O 8. d3
Bd7 9. h3 h5 10. Be3 Nh7 11. Qd2 e5 12. Bh6 Bxh6 13. Qxh6 Qg5 14. Qxg5 Nxg5 15.
Kh2 a6 16. a3 Ne6 17. Nd5 1/2-1/2

[Event "XXVIII Memorial Edoardo Crespi B"]
[Site "Milano ITA"]
[Date "2007.12.07"]
[Round "3"]
[White "Raineri, Pieroberto"]
[Black "Carbone, Lorenzo"]
[Result "1/2-1/2"]
[WhiteElo "1614"]
[BlackElo "1755"]
[PlyCount "49"]
[EventDate "2007.12.06"]

1. d4 d5 2. Nf3 e6 3. c4 Nf6 4. cxd5 exd5 5. Nc3 Be7 6. Qc2 b6 7. Bf4 c6 8. e3
Bb7 9. Bd3 Nbd7 10. h3 Rc8 11. Qe2 b5 12. O-O O-O 13. Rfc1 Re8 14. a3 Bf8 15.
Nd2 a6 16. b4 Nb6 17. Nb3 Qd7 18. Nc5 Bxc5 19. bxc5 Nc4 20. Qc2 g6 21. a4 Ra8
22. Rcb1 Nh5 23. Bh2 Nf6 24. Nd1 Ne4 25. Bxc4 1/2-1/2

[Event "XXVIII Memorial Edoardo Crespi B"]
[Site "Milano ITA"]
[Date "2007.12.07"]
[Round "3"]
[White "Tassini, Marco"]
[Black "D'Apa, Massimo"]
[Result "0-1"]
[WhiteElo "1885"]
[BlackElo "1704"]
[PlyCount "50"]
[EventDate "2007.12.06"]

1. d4 Nf6 2. c4 g6 3. Nc3 Bg7 4. e4 d6 5. f3 O-O 6. Be3 Nbd7 7. Nge2 a6 8. Qd2
Re8 9. Nc1 e5 10. d5 Rb8 11. Be2 Nb6 12. h4 Nh5 13. g4 Ng3 14. Rh3 Nxe2 15.
Qxe2 f5 16. Rh2 f4 17. Bf2 h6 18. b4 c6 19. Nb3 cxd5 20. exd5 Qc7 21. Bxb6 Qxb6
22. a3 e4 23. Rc1 Bd7 24. Nxe4 Ba4 25. Rb1 Qg1+ 0-1

[Event "XXVIII Memorial Edoardo Crespi B"]
[Site "Milano ITA"]
[Date "2007.12.07"]
[Round "3"]
[White "Versari, Marino"]
[Black "Epitome, Nando"]
[Result "1/2-1/2"]
[WhiteElo "1530"]
[BlackElo "1673"]
[PlyCount "103"]
[EventDate "2007.12.06"]

1. d4 d5 2. c4 e6 3. Nc3 Nf6 4. Nf3 Be7 5. Bf4 a6 6. cxd5 exd5 7. e3 O-O 8. Bd3
Nbd7 9. O-O b5 10. a3 Bb7 11. Rc1 c5 12. dxc5 Nxc5 13. Bb1 Rc8 14. Bf5 Ne6 15.
Nd4 Qb6 16. b4 Rc4 17. Bg3 Nxd4 18. exd4 Rxd4 19. Qe2 Re8 20. Qb2 Rc4 21. Bd3
Rc6 22. Rcd1 Rec8 23. Ne2 Ne4 24. Bxe4 dxe4 25. Qd4 Qxd4 26. Rxd4 Rc4 27. Rd7
Bxb4 28. Rxb7 Bxa3 29. h3 Bc5 30. Rd1 h6 31. Rdd7 Rf8 32. Nf4 e3 33. Kh2 Rxf4
34. Bxf4 exf2 35. Rd1 Re8 36. Bg3 Re6 37. Bxf2 Bxf2 38. Rdd7 Rf6 39. Rd1 h5 40.
Rb8+ Kh7 41. Ra8 Bb6 42. Kh1 a5 43. g3 Bc7 44. Kg2 Rg6 45. Rd3 h4 46. g4 f5 47.
Rd5 fxg4 48. Rxb5 g3 49. Rh5+ Rh6 50. Rxh6+ Kxh6 51. Rh8+ Kg5 52. Rc8 1/2-1/2

[Event "XXVIII Memorial Edoardo Crespi B"]
[Site "Milano ITA"]
[Date "2007.12.08"]
[Round "4"]
[White "Bisignano, Riccardo"]
[Black "Bondi', Fabio"]
[Result "1-0"]
[WhiteElo "1884"]
[BlackElo "1820"]
[PlyCount "61"]
[EventDate "2007.12.06"]

1. e4 c5 2. Nc3 e6 3. g3 Nc6 4. Bg2 Nf6 5. d3 Be7 6. f4 d6 7. Nf3 Qc7 8. O-O a6
9. h3 O-O 10. Ne2 Rb8 11. g4 Re8 12. c3 b5 13. Ng3 Nd7 14. Bd2 Nf8 15. f5 d5
16. e5 Nxe5 17. Nxe5 f6 18. d4 fxe5 19. dxe5 Qd8 20. Qf3 Nd7 21. Rae1 Rf8 22.
Qe3 c4 23. Kh1 Nc5 24. f6 gxf6 25. exf6 Bd6 26. Qg5+ Kf7 27. Qh5+ Kg8 28. f7+
Kh8 29. Bg5 Be7 30. Bxe7 Qxe7 31. Qe5+ 1-0

[Event "XXVIII Memorial Edoardo Crespi B"]
[Site "Milano ITA"]
[Date "2007.12.08"]
[Round "4"]
[White "Brighenti, Alessandro"]
[Black "Dogic, Mirhad"]
[Result "0-1"]
[WhiteElo "1614"]
[BlackElo "1759"]
[PlyCount "94"]
[EventDate "2007.12.06"]

1. e4 g6 2. d4 Bg7 3. Nc3 c6 4. f4 e6 5. Nf3 Ne7 6. Bd3 O-O 7. Be3 d5 8. e5 Nf5
9. Bf2 Nd7 10. g4 Nh6 11. h3 a5 12. a4 Qb6 13. Rb1 Qb4 14. O-O Qb6 15. Be3 f6
16. Qe2 fxe5 17. fxe5 Qc7 18. Qd2 Nf7 19. Ne2 b6 20. c3 Bb7 21. Ng5 Nxg5 22.
Bxg5 c5 23. Be7 Rfe8 24. Bd6 Qc8 25. Rf2 c4 26. Bc2 Bf8 27. Bxf8 Rxf8 28. Rxf8+
Qxf8 29. Rf1 Qe7 30. g5 Bc6 31. Qd1 Qxg5+ 32. Kh2 Rf8 33. Rxf8+ Nxf8 34. Qc1
Qxc1 35. Nxc1 Kg7 36. Kg3 g5 37. Kg4 h6 38. Ne2 b5 39. axb5 Bxb5 40. Ng3 Ng6
41. Nh5+ Kf7 42. Nf6 Nf4 43. Nh5 Nd3 44. b3 cxb3 45. Bxb3 a4 46. Ba2 Nc1 47.
Bb1 Be2+ 0-1

[Event "XXVIII Memorial Edoardo Crespi B"]
[Site "Milano ITA"]
[Date "2007.12.08"]
[Round "4"]
[White "Carbone, Lorenzo"]
[Black "Cetta, Andrea"]
[Result "0-1"]
[WhiteElo "1755"]
[BlackElo "1727"]
[PlyCount "48"]
[EventDate "2007.12.06"]

1. e4 c5 2. Nf3 Nc6 3. d4 cxd4 4. Nxd4 Nf6 5. Nc3 e5 6. Nb3 Bb4 7. Bd3 d5 8.
O-O Bxc3 9. bxc3 Nxe4 10. Bxe4 dxe4 11. Qh5 O-O 12. Ba3 Re8 13. Rad1 Qf6 14.
Bc1 Bf5 15. Qe2 Qg6 16. Qe3 Rad8 17. Ba3 Bg4 18. Rde1 f5 19. Nc5 b6 20. Nb3 Bh5
21. Nc1 Na5 22. Nb3 Nc4 23. Qc1 Bf3 24. g3 Qg4 0-1

[Event "XXVIII Memorial Edoardo Crespi B"]
[Site "Milano ITA"]
[Date "2007.12.08"]
[Round "4"]
[White "Cartella, Giovanni"]
[Black "Di Chiara, Mauro"]
[Result "1-0"]
[WhiteElo "1868"]
[BlackElo "1747"]
[PlyCount "61"]
[EventDate "2007.12.06"]

1. d4 d6 2. Nf3 f5 3. Bf4 Nf6 4. e3 g6 5. c3 Bg7 6. Bc4 d5 7. Bb3 O-O 8. Nbd2
e6 9. Bg5 h6 10. Bxf6 Bxf6 11. h3 Nd7 12. g4 c6 13. Rg1 Kh7 14. Bc2 Bg7 15. Qe2
Nf6 16. gxf5 gxf5 17. Ne5 Qe8 18. O-O-O Rg8 19. Rg2 Bh8 20. Rdg1 Rxg2 21. Rxg2
Ne4 22. Ndf3 Bd7 23. Ng6 Bf6 24. Nfe5 Bxe5 25. Nxe5 Qe7 26. Bxe4 dxe4 27. Rg6
Qh4 28. Qf1 Qe7 29. Qg2 Be8 30. Rg8 Qf6 31. Nd7 1-0

[Event "XXVIII Memorial Edoardo Crespi B"]
[Site "Milano ITA"]
[Date "2007.12.08"]
[Round "4"]
[White "Casadio, Alviero"]
[Black "Martelli, Tommaso"]
[Result "1/2-1/2"]
[WhiteElo "1787"]
[BlackElo "1872"]
[PlyCount "76"]
[EventDate "2007.12.06"]

1. e4 e5 2. Nf3 Nc6 3. Bb5 Nf6 4. d3 Bc5 5. O-O d6 6. Nc3 a6 7. Bxc6+ bxc6 8.
h3 Be6 9. Qe2 Rb8 10. b3 Nh5 11. Ng5 Ng3 12. Qf3 Nxf1 13. Kxf1 Bd4 14. Bd2 Qf6
15. Qxf6 gxf6 16. Nxe6 fxe6 17. Re1 Kd7 18. Ne2 Bc5 19. Ng3 h5 20. Be3 Bxe3 21.
Rxe3 h4 22. Nh1 a5 23. a4 d5 24. f3 c5 25. Nf2 c4 26. dxc4 dxc4 27. Ng4 Ke7 28.
Ke2 Rhd8 29. Rc3 cxb3 30. cxb3 Rb7 31. Ne3 Kd7 32. Nc4 Ra7 33. Kd3 Kc8+ 34. Kc2
Ra6 35. Ne3 Rad6 36. Nc4 Rd1 37. Re3 Rg1 38. Re2 Rdd1 1/2-1/2

[Event "XXVIII Memorial Edoardo Crespi B"]
[Site "Milano ITA"]
[Date "2007.12.08"]
[Round "4"]
[White "Cino, Marco"]
[Black "Albrizio, Mauro"]
[Result "1-0"]
[WhiteElo "1658"]
[BlackElo "1692"]
[PlyCount "82"]
[EventDate "2007.12.06"]

1. e4 e6 2. d3 d5 3. Nd2 Nf6 4. Ngf3 c5 5. g3 dxe4 6. dxe4 b6 7. Bg2 Bb7 8. Qe2
Be7 9. O-O O-O 10. Re1 Qc7 11. e5 Nd5 12. a3 Qd7 13. Nf1 Nc6 14. Rd1 Qc8 15. h4
Ba6 16. Qe4 f5 17. exf6 Nxf6 18. Qe1 Ng4 19. N1h2 Nxh2 20. Kxh2 Bc4 21. Bf4 Bd5
22. Ne5 Bxg2 23. Kxg2 Bxh4 24. Qe4 Nxe5 25. Bxe5 Bf6 26. Rh1 g6 27. Rae1 Qd7
28. f3 Bxe5 29. Qxe5 Rae8 30. g4 Qd5 31. Re4 Qd2+ 32. Re2 Qf4 33. Rh3 Qxe5 34.
Rxe5 Rf7 35. Rh2 Rd7 36. Kg3 Rd5 37. Re3 e5 38. Rhe2 Kf7 39. Kh4 Kf6 40. f4 b5
41. b3 41... a6 $139 1-0

[Event "XXVIII Memorial Edoardo Crespi B"]
[Site "Milano ITA"]
[Date "2007.12.08"]
[Round "4"]
[White "Coladangelo, Andrea"]
[Black "Cervesato, Ivan"]
[Result "1-0"]
[WhiteElo "1809"]
[BlackElo "1667"]
[PlyCount "63"]
[EventDate "2007.12.06"]

1. e4 c6 2. d4 d5 3. exd5 cxd5 4. c4 Nf6 5. Nc3 g6 6. cxd5 Nxd5 7. Qb3 Nxc3 8.
bxc3 Bg7 9. Ba3 O-O 10. Be2 Nd7 11. Nf3 b6 12. O-O Bb7 13. Rfe1 Re8 14. Bc4 e6
15. Nd2 Nf6 16. Bb5 Nd7 17. Ne4 Bxe4 18. Rxe4 Bf8 19. Bxf8 Kxf8 20. Rae1 Re7
21. Rf4 Kg7 22. c4 Qc7 23. Qe3 a6 24. Bxd7 Rxd7 25. Rh4 Kg8 26. Qh6 f6 27. Rxe6
Qxc4 28. Rxf6 Qxa2 29. Rxg6+ hxg6 30. Qh8+ Kf7 31. Rh7+ Ke6 32. Qe5# 1-0